Statistics for States that Border New York

Click here to take the quiz!

General Stats

  • This quiz has been taken 73 times
  • The average score is 4 of 5

Answer Stats

State% Correct
Vermont
93%
New Jersey
89%
Pennsylvania
89%
Connecticut
88%
Massachusetts
88%

Score Distribution

Percentile by Number Answered

Percent of People with Each Score

Your Score History

You have not taken this quiz